Pracovný zošit zo slovenského jazyka pre 2. ročník základných škôl

Bibliographic Details
Main Authors: Bakalová, Veronika (Author), Krajčovičová, Jarmila, 1961- (Author)
Other Authors: Kellenberger, Martin, 1957- (Illustrator)
Format: Book
Language:Slovak
PhysicalDescription:56 s. ilustr. 30 cm
Published: Bratislava OG - Vydavateľstvo Poľana 2001
ISBN:8089002234
Edition:2. vyd.
Subjects:

MARC

LEADER 00000nam a2200000 a 4500
001 vtls001420240
003 SK-MaSNL
005 20260302001633.0
008 240226s2001 xo a r slo
015 |a SNBA2002/02-00592 
020 |a 8089002234 
035 |a SNK000375074 
035 |a urn:nbn:sk:snk-amyan2 
035 |a urn:nbn:sk:snk-am00c752 
035 |a F089647C-F7FA-4C0C-94CF-EA566B8AAD23 
040 |a SNK  |b slo  |c SNK  |e AACR2 
041 0 |a slo 
044 |a xo  |c SK 
080 |a 372.46(075.2)(076.5)  |2 1981 
100 1 |a Bakalová, Veronika  |4 aut  |9 11740 
245 1 |a Pracovný zošit zo slovenského jazyka pre 2. ročník základných škôl  |c Veronika Bakalová, Jarmila Krajčovičová 
250 |a 2. vyd. 
260 |a Bratislava  |b OG - Vydavateľstvo Poľana  |c 2001 
300 |a 56 s.  |b ilustr.  |c 30 cm 
500 |a Ilustr. na tit. strane 
500 |a Celkove 5. vyd. 
500 |a Ilustr. Martin Kellenberger 
650 0 7 |a slovenčina  |2 SNKPH  |9 1350 
655 7 |a učebnice základných škôl  |2 SNKPH  |9 70187 
655 7 |a pracovné zošity  |2 SNKPH  |9 70188 
700 1 |a Krajčovičová, Jarmila,  |d 1961-  |4 aut  |9 213384 
700 1 |a Kellenberger, Martin,  |d 1957-  |4 ill  |9 90777 
919 |a 80-89002-23-4 
958 |a TL 
958 |a UX 
999 |c 984672  |d 986602 
952 |t P60, <03>, [BOOK], {603}  |a SNK  |b SNK  |y PREZ  |7 0  |p 17A0314929  |o snkSB 63907  |i snkKSP 10752/2001  |0 0  |1 0  |4 0  |d 2001-09-13  |f 1  |l 0  |r 2025-04-17 00:00:00  |w 2026-02-24 
952 |t P60, <04>, [BOOK], {604}  |a SNK  |b SNK  |y VYP  |7 0  |p 17A0314930  |o snkSB 63907 D1  |i snkKSP 10753/2001  |0 0  |1 0  |4 0  |d 2001-09-13  |l 0  |r 2005-01-02 00:00:00  |w 2026-02-24